000 00779nam a2200253Ia 4500
003 OSt
005 20221005072904.0
006 a|||||r|||| 00| 0
007 ta
008 221004b |||||||| |||| 00| 0 urd d
020 _cINR 400.00
024 _a65957
037 _b2378, 19/02/2020, M.R.Publications
_cTextual
040 _aCRL
_cCRL
_burd
041 _2urd
_aurd
082 _aV2:51(Y73(Q7)), 168Q7
100 _aArgali Farooq Au.
_9607573
245 0 _aFakhr-e-watan
260 _aNew Delhi
_bFarid book depot India
_c2017
300 _a664p.
_ccm.
650 _aINDIA - HISTORY - FREEDOM STRUGGLE
_922401
942 _hV2:51(Y73(Q7)), 168Q7
_cTEXL
_2cc
999 _c980219
_d980219